Nazioni Vincitori US Open - Singolare - Statistics

Statistiche generali
  • Questo quiz è stato fatto 4 volte
  • Il punteggio medio è 14 su 17
Statistiche sulle risposte
Continente Numero titoli Nazione % Corretto
Oceania 17 Australia
100%
Europa 13 Jugoslavia / Serbia
100%
Europa 1 Regno Unito
100%
Asia / Europa 3 Russia
100%
Europa 2 Spagna
100%
America del Nord 32 Stati Uniti
100%
Europa 6 Svezia
100%
Europa 10 Svizzera
100%
America del Sud 2 Argentina
75%
Europa 5 Cecoslovacchia / Repubblica Ceca
75%
Europa 2 Francia
75%
Europa 7 Germania Ovest / Germania
75%
Africa 1 Sudafrica
75%
Europa 2 Belgio
50%
Europa 2 Bielorussia
50%
Euriopa 1 Danimarca
50%
Asia 2 Giappone
50%
Nessun quiz corrispondente trovato
Distribuzione punteggi
Percentuale di utenti per punteggio
Percentile per numero di risposta
I tuoi punteggi nel tempo
Non hai fatto questo quiz